[Event "Nakhchivan op"]
[Site "Nakhchivan"]
[Date "2017.05.10"]
[Round "8"]
[White "Aghayev, Nijat"]
[Black "Maiorov, Nikita"]
[Result "1/2-1/2"]
[WhiteElo "2347"]
[BlackElo "2527"]
[PlyCount "52"]
[EventDate "2017.05.03"]
[EventType "swiss"]
[EventRounds "9"]
[EventCountry "AZE"]
[SourceTitle "CBM 178 Extra"]
[Source "ChessBase"]
[SourceDate "2017.06.22"]
[SourceVersion "1"]
[SourceVersionDate "2017.06.22"]
[SourceQuality "1"]

1. Nf3 Nf6 2. c4 b6 3. g3 Bb7 4. Bg2 e6 5. b3 Be7 6. Bb2 0-0 7. 0-0 d5 8. e3 dxc4 9. bxc4 c5 10. Qe2 Nc6 11. Rd1 Qc8 12. d4 Rd8 13. Nbd2 Nb4 14. a3 Na6 15. Rac1 Nc7 16. Nb3 Nce8 17. Ne5 Bxg2 18. Kxg2 cxd4 19. Qf3 d3 20. Nc6 Rd7 21. Rxd3 Rc7 22. Nxe7+ Rxe7 23. c5 bxc5 24. Rxc5 Qb7 25. Na5 Qxf3+ 26. Kxf3 Rd7 1/2-1/2

[Event "Nakhchivan op"]
[Site "Nakhchivan"]
[Date "2017.05.09"]
[Round "7"]
[White "Erdogdu, Mert"]
[Black "Aghayev, Nijat"]
[Result "1-0"]
[WhiteElo "2448"]
[BlackElo "2347"]
[PlyCount "71"]
[EventDate "2017.05.03"]
[EventType "swiss"]
[EventRounds "9"]
[EventCountry "AZE"]
[SourceTitle "CBM 178 Extra"]
[Source "ChessBase"]
[SourceDate "2017.06.22"]
[SourceVersion "1"]
[SourceVersionDate "2017.06.22"]
[SourceQuality "1"]

1. c4 Nf6 2. Nc3 c5 3. g3 Nc6 4. Bg2 b6 5. Nf3 Bb7 6. 0-0 g6 7. a3 Bg7 8. Rb1 d5 9. d4 0-0 10. cxd5 Nxd4 11. e4 e6 12. Nxd4 cxd4 13. Nb5 e5 14. f4 Re8 15. fxe5 Rxe5 16. Qxd4 Nxe4 17. Bxe4 a6 18. Nc3 Rxd5 19. Qf2 Bd4 20. Be3 Bxe3 21. Qxe3 Re5 22. Qf4 Qd4+ 23. Rf2 Bxe4 24. Rd1 Qxd1+ 25. Nxd1 Re7 26. Re2 Rae8 27. Nc3 f5 28. h4 Re6 29. Kf2 b5 30. h5 gxh5 31. Qg5+ Rg6 32. Qxh5 Re7 33. Nxe4 fxe4 34. Qd5+ Rf7+ 35. Kg2 Rg4 36. Rf2 1-0

[Event "Nakhchivan op"]
[Site "Nakhchivan"]
[Date "2017.05.04"]
[Round "2"]
[White "Iskandarov, Misratdin"]
[Black "Aghayev, Nijat"]
[Result "1-0"]
[WhiteElo "2444"]
[BlackElo "2347"]
[PlyCount "63"]
[EventDate "2017.05.03"]
[EventType "swiss"]
[EventRounds "9"]
[EventCountry "AZE"]
[SourceTitle "CBM 178 Extra"]
[Source "ChessBase"]
[SourceDate "2017.06.22"]
[SourceVersion "1"]
[SourceVersionDate "2017.06.22"]
[SourceQuality "1"]

1. e4 e5 2. Nf3 Nf6 3. Nxe5 d6 4. Nf3 Nxe4 5. d4 d5 6. Bd3 Nc6 7. 0-0 Be7 8. Re1 Bg4 9. c3 f5 10. Qb3 0-0 11. Nbd2 Kh8 12. Qxb7 Rf6 13. Qb3 Rb8 14. Qa4 Rg6 15. Kf1 Bh4 16. g3 Bh3+ 17. Kg1 Nxg3 18. fxg3 Bxg3 19. hxg3 Rxg3+ 20. Kh1 Qd6 21. Rg1 Qg6 22. Qd1 Re8 23. Rxg3 Qxg3 24. Qg1 Qf4 25. Qh2 Qg4 26. Qf2 Re6 27. Nf1 Qh5 28. Ng3 Qe8 29. Bf4 Ne7 30. Re1 Ng6 31. Rxe6 Qxe6 32. Ng5 1-0

[Event "AZE-ch 72nd"]
[Site "Baku"]
[Date "2017.03.08"]
[Round "2"]
[White "Aghayev, Nijat"]
[Black "Abasov, Nijat Azad"]
[Result "1/2-1/2"]
[WhiteElo "2340"]
[BlackElo "2583"]
[PlyCount "60"]
[EventDate "2017.03.07"]
[EventType "swiss"]
[EventRounds "9"]
[EventCountry "AZE"]
[SourceTitle "CBM 177 Extra"]
[Source "ChessBase"]
[SourceDate "2017.04.27"]
[SourceVersion "1"]
[SourceVersionDate "2017.04.27"]
[SourceQuality "1"]

1. Nf3 Nf6 2. g3 d5 3. Bg2 e6 4. 0-0 Be7 5. c4 0-0 6. d4 dxc4 7. Qc2 b6 8. Nbd2 Bb7 9. Nxc4 Be4 10. Qd1 Bd5 11. Ne3 Be4 12. Nc4 c5 13. dxc5 Bxc5 14. Bg5 h6 15. Be3 Na6 16. Bxc5 Nxc5 17. Qxd8 Rfxd8 18. Rfd1 Bd5 19. Ne3 Be4 20. Rxd8+ Rxd8 21. Rd1 Rxd1+ 22. Nxd1 Nd5 23. Nd4 Bxg2 24. Kxg2 Kf8 25. f3 a5 26. Kf2 Ke7 27. e4 Nb4 28. a3 Nbd3+ 29. Ke3 Ne5 30. b4 Nc4+ 1/2-1/2

[Event "Baku op"]
[Site "Baku"]
[Date "2016.09.26"]
[Round "9"]
[White "Bashirli, Nail Qoshqar"]
[Black "Aghayev, Nijat"]
[Result "1/2-1/2"]
[WhiteElo "2387"]
[BlackElo "2342"]
[PlyCount "89"]
[EventDate "2016.09.18"]
[EventType "swiss"]
[EventRounds "9"]
[EventCountry "AZE"]
[SourceTitle "CBM 174 Extra"]
[Source "ChessBase"]
[SourceDate "2016.10.10"]
[SourceVersion "1"]
[SourceVersionDate "2016.10.10"]
[SourceQuality "1"]

1. e4 e5 2. Nf3 Nc6 3. Bb5 a6 4. Ba4 Nge7 5. c3 g6 6. d4 exd4 7. cxd4 b5 8. Bb3 Bg7 9. d5 Na5 10. Bd2 Nxb3 11. Qxb3 d6 12. Bc3 0-0 13. Bxg7 Kxg7 14. Qc3+ Kg8 15. Qf6 c6 16. dxc6 Nxc6 17. Qc3 Bb7 18. 0-0 Rc8 19. Qe3 Re8 20. Nc3 Ne5 21. Nxe5 Rxe5 22. f4 Re7 23. Rad1 b4 24. Nd5 Bxd5 25. Rxd5 Qe8 26. Re1 Rc4 27. Rd4 Qc6 28. Rxc4 Qxc4 29. b3 Qc2 30. Qd4 a5 31. h4 h5 32. Kh2 Qc3 33. Qxd6 Qxe1 34. Qd8+ Kg7 35. Qxe7 Qd2 36. Qe5+ Kg8 37. Qg5 Qxa2 38. Qd8+ Kg7 39. f5 Qa1 40. fxg6 Qe5+ 41. g3 Kxg6 42. Qg8+ Qg7 43. Qd8 Qe5 44. Qg8+ Qg7 45. Qd8 1/2-1/2

[Event "Baku op"]
[Site "Baku"]
[Date "2016.09.25"]
[Round "8"]
[White "Aghayev, Nijat"]
[Black "Mamedjarova, Turkan"]
[Result "1-0"]
[WhiteElo "2342"]
[BlackElo "2304"]
[PlyCount "91"]
[EventDate "2016.09.18"]
[EventType "swiss"]
[EventRounds "9"]
[EventCountry "AZE"]
[SourceTitle "CBM 174 Extra"]
[Source "ChessBase"]
[SourceDate "2016.10.10"]
[SourceVersion "1"]
[SourceVersionDate "2016.10.10"]
[SourceQuality "1"]

1. c4 Nf6 2. Nf3 e6 3. g3 d5 4. b3 Bd6 5. Bb2 0-0 6. Bg2 c5 7. e3 Nc6 8. 0-0 b6 9. Nc3 Bb7 10. cxd5 exd5 11. d4 Ba6 12. Re1 c4 13. bxc4 Bxc4 14. Nd2 Rc8 15. e4 Bb4 16. e5 Nd7 17. Nxc4 dxc4 18. Re4 Re8 19. Qh5 Nf8 20. Rd1 g6 21. Qe2 Ne7 22. d5 Bxc3 23. Bxc3 Nxd5 24. Qf3 Ne6 25. Rh4 Nec7 26. Rxc4 Qe7 27. Rxd5 Nxd5 28. Qxd5 Rcd8 29. Qf3 Qe6 30. Rc6 Qxa2 31. h4 Qb3 32. Qf6 Qb1+ 33. Kh2 Qf5 34. e6 Qxf6 35. Bxf6 Rd2 36. Rc7 fxe6 37. Rg7+ Kf8 38. Rxh7 Rxf2 39. Bg5 a5 40. Kh3 a4 41. Bc6 Kg8 42. Ra7 Rc8 43. Bd7 Rc3 44. Bxe6+ Kf8 45. Be7+ Ke8 46. Bd6 1-0

[Event "Baku op"]
[Site "Baku"]
[Date "2016.09.23"]
[Round "6"]
[White "Aghayev, Nijat"]
[Black "Mammadova, Narmin"]
[Result "1/2-1/2"]
[WhiteElo "2342"]
[BlackElo "2230"]
[PlyCount "112"]
[EventDate "2016.09.18"]
[EventType "swiss"]
[EventRounds "9"]
[EventCountry "AZE"]
[SourceTitle "CBM 174 Extra"]
[Source "ChessBase"]
[SourceDate "2016.10.10"]
[SourceVersion "1"]
[SourceVersionDate "2016.10.10"]
[SourceQuality "1"]

1. c4 c6 2. b3 d5 3. Bb2 Nf6 4. Nf3 Bf5 5. g3 e6 6. Bg2 Be7 7. 0-0 0-0 8. d3 h6 9. Nbd2 Nbd7 10. Rc1 Re8 11. Re1 Bh7 12. Qc2 Bf8 13. e4 dxe4 14. Nxe4 Nxe4 15. dxe4 Nc5 16. b4 Nd7 17. c5 a5 18. a3 axb4 19. axb4 Qc7 20. Re3 Ra2 21. Bf1 b6 22. Qb3 Raa8 23. cxb6 Qxb6 24. Rc4 Reb8 25. Qd1 Rb7 26. Rd3 Nf6 27. Bxf6 gxf6 28. Qc1 Ra2 29. Rd2 Rxd2 30. Qxd2 Rb8 31. e5 f5 32. Qc1 Rd8 33. Bg2 Rd5 34. h4 c5 35. bxc5 Rxc5 36. Rxc5 Qxc5 37. Qxc5 Bxc5 38. h5 f6 39. exf6 Bd6 40. Nd2 Kf7 41. Nc4 Bc7 42. f4 Kxf6 43. Bf3 Bg8 44. Kg2 Bf7 45. Kh3 Be8 46. Ne3 Bb5 47. Ng2 Bc4 48. Ne3 Bd3 49. Kg2 Bb6 50. Nd1 Bd4 51. Nf2 Bc4 52. Nh3 Bb5 53. g4 fxg4 54. Bxg4 Bd3 55. Nf2 Bf5 56. Bf3 e5 1/2-1/2

[Event "Baku op"]
[Site "Baku"]
[Date "2016.09.22"]
[Round "5"]
[White "Paramzina, Anastasya"]
[Black "Aghayev, Nijat"]
[Result "1/2-1/2"]
[WhiteElo "2164"]
[BlackElo "2342"]
[PlyCount "82"]
[EventDate "2016.09.18"]
[EventType "swiss"]
[EventRounds "9"]
[EventCountry "AZE"]
[SourceTitle "CBM 174 Extra"]
[Source "ChessBase"]
[SourceDate "2016.10.10"]
[SourceVersion "1"]
[SourceVersionDate "2016.10.10"]
[SourceQuality "1"]

1. e4 c5 2. Nf3 Nc6 3. d4 cxd4 4. Nxd4 g6 5. c4 Bg7 6. Be3 Nf6 7. Nc3 Ng4 8. Qxg4 Nxd4 9. Qd1 Ne6 10. Rc1 0-0 11. Be2 d6 12. 0-0 Nc5 13. Bf3 a5 14. b3 Bd7 15. Qe2 Bc6 16. Rfd1 Qb6 17. Rc2 a4 18. Rb1 axb3 19. axb3 Qd8 20. h4 Ra3 21. b4 Ne6 22. Qd2 Re8 23. Nd5 Rxe3 24. Qxe3 Nd4 25. Rd2 Nxf3+ 26. Qxf3 e6 27. b5 exd5 28. bxc6 dxe4 29. Qa3 bxc6 30. Qxd6 Qxh4 31. Qxc6 Rf8 32. Re1 Be5 33. g3 Bxg3 34. fxg3 Qxg3+ 35. Kf1 Qh3+ 36. Rg2 Qh1+ 37. Kf2 Qh4+ 38. Ke2 Qh5+ 39. Kf1 Qh1+ 40. Kf2 Qh4+ 41. Kf1 Qh1+ 1/2-1/2

[Event "Baku op"]
[Site "Baku"]
[Date "2016.09.21"]
[Round "4"]
[White "Aghayev, Nijat"]
[Black "Karayev, Kanan"]
[Result "0-1"]
[WhiteElo "2342"]
[BlackElo "2266"]
[PlyCount "50"]
[EventDate "2016.09.18"]
[EventType "swiss"]
[EventRounds "9"]
[EventCountry "AZE"]
[SourceTitle "CBM 174 Extra"]
[Source "ChessBase"]
[SourceDate "2016.10.10"]
[SourceVersion "1"]
[SourceVersionDate "2016.10.10"]
[SourceQuality "1"]

1. d4 d5 2. Nf3 Nf6 3. Bf4 Bf5 4. e3 c5 5. Nc3 c4 6. Ne5 h5 7. f3 e6 8. g4 hxg4 9. fxg4 Be4 10. Nxe4 Nxe4 11. Qf3 Qa5+ 12. c3 Nxc3 13. bxc3 Qxc3+ 14. Kf2 Qxa1 15. Bg5 f6 16. Bxf6 Nd7 17. Bxg7 Nxe5 18. Bxe5 Qxa2+ 19. Kg3 Rh7 20. Qf6 Kd7 21. Qg6 Rh6 22. Qf7+ Be7 23. Bg7 Rh7 24. Qg6 Rxg7 25. Qxg7 Rf8 0-1

[Event "Baku op"]
[Site "Baku"]
[Date "2016.09.19"]
[Round "2"]
[White "Aghayev, Nijat"]
[Black "Derakhshani, Borna"]
[Result "1-0"]
[WhiteElo "2342"]
[BlackElo "2244"]
[PlyCount "59"]
[EventDate "2016.09.18"]
[EventType "swiss"]
[EventRounds "9"]
[EventCountry "AZE"]
[SourceTitle "CBM 174 Extra"]
[Source "ChessBase"]
[SourceDate "2016.10.10"]
[SourceVersion "1"]
[SourceVersionDate "2016.10.10"]
[SourceQuality "1"]

1. Nf3 Nf6 2. g3 b5 3. Bg2 Bb7 4. d3 e6 5. 0-0 d6 6. c3 c5 7. a4 a6 8. e4 Nbd7 9. Re1 Qc7 10. Bf4 e5 11. Bd2 g6 12. Na3 c4 13. d4 Nxe4 14. Nxe5 dxe5 15. Bxe4 Bxe4 16. Rxe4 Qc6 17. Qe2 f5 18. Rxe5+ Kf7 19. d5 Qd6 20. Re6 Qxd5 21. Re1 Nf6 22. Re5 Qc6 23. axb5 axb5 24. Nxb5 Ne4 25. Nd4 Qc8 26. Rxe4 fxe4 27. Qxe4 Ra5 28. Nc6 Rc5 29. Ne5+ Kg8 30. Be3 1-0

[Event "Baku op"]
[Site "Baku"]
[Date "2015.10.07"]
[Round "8"]
[White "Aghayev, Nijat"]
[Black "Soozankar, Amir Mohammad"]
[Result "1/2-1/2"]
[WhiteElo "2372"]
[BlackElo "2249"]
[PlyCount "49"]
[EventDate "2015.09.30"]
[EventType "swiss"]
[EventRounds "9"]
[EventCountry "AZE"]
[SourceTitle "EXT 2019"]
[Source "ChessBase"]
[SourceDate "2018.10.10"]
[SourceVersion "1"]
[SourceVersionDate "2018.10.10"]
[SourceQuality "1"]

1. Nf3 Nf6 2. c4 g6 3. b3 Bg7 4. Bb2 0-0 5. g3 b6 6. Bg2 Bb7 7. 0-0 c5 8. Nc3 d5 9. Nxd5 Nxd5 10. Bxg7 Kxg7 11. cxd5 Qxd5 12. d4 cxd4 13. Qxd4+ Qxd4 14. Nxd4 Bxg2 15. Kxg2 Rc8 16. Rac1 Na6 17. a3 Nc5 18. b4 Ne4 19. Rfd1 Rxc1 20. Rxc1 Rd8 21. Nb3 Rd7 22. f3 Ng5 23. Kf2 e5 24. a4 Ne6 25. a5 1/2-1/2

[Event "Nakhchivan op"]
[Site "Nakhchivan"]
[Date "2015.05.02"]
[Round "1"]
[White "Hou, Yifan"]
[Black "Aghayev, Nijat"]
[Result "1-0"]
[WhiteElo "2686"]
[BlackElo "2393"]
[PlyCount "79"]
[EventDate "2015.05.02"]
[EventType "swiss"]
[EventRounds "9"]
[EventCountry "AZE"]
[SourceTitle "CBM 166 Extra"]
[Source "ChessBase"]
[SourceDate "2015.06.18"]
[SourceVersion "1"]
[SourceVersionDate "2015.06.18"]
[SourceQuality "1"]

1. e4 e5 2. Nc3 Nc6 3. g3 Bc5 4. Bg2 a5 5. Nge2 d6 6. Nb5 Nf6 7. c3 Na7 8. Nxa7 Bxa7 9. d4 0-0 10. 0-0 c6 11. h3 Re8 12. Bg5 h6 13. Bxf6 Qxf6 14. Kh2 Qg6 15. f4 exd4 16. f5 Qf6 17. cxd4 b5 18. Qd3 b4 19. Rac1 Bb7 20. Rfd1 Bb6 21. Nf4 Ba6 22. Qd2 Rac8 23. h4 g6 24. d5 c5 25. fxg6 fxg6 26. Ne6 Kh7 27. Rc2 Re7 28. Qe3 Rb8 29. Rf2 Qe5 30. Nf8+ Kg7 31. Ne6+ Kh7 32. Rf4 Rbb7 33. h5 Rg7 34. hxg6+ Rxg6 35. Nf8+ Kg7 36. Nxg6 Kxg6 37. Rf5 Qe8 38. Qf4 Qe7 39. e5 dxe5 40. Rxe5 1-0

[Event "Baku op"]
[Site "Baku"]
[Date "2014.09.27"]
[Round "6"]
[White "Safarli, Eltaj"]
[Black "Aghayev, Nijat"]
[Result "1-0"]
[WhiteElo "2655"]
[BlackElo "2401"]
[PlyCount "109"]
[EventDate "2014.09.22"]
[EventType "swiss"]
[EventRounds "9"]
[EventCountry "AZE"]
[SourceTitle "CBM 162 Extra"]
[Source "ChessBase"]
[SourceDate "2014.10.17"]
[SourceVersion "1"]
[SourceVersionDate "2014.10.17"]
[SourceQuality "1"]

1. e4 c5 2. Nf3 Nc6 3. Bb5 g6 4. Bxc6 bxc6 5. 0-0 Bg7 6. Re1 d6 7. h3 Nh6 8. c3 0-0 9. d4 cxd4 10. cxd4 f6 11. Nc3 Nf7 12. Be3 Qa5 13. Nd2 Rb8 14. Rc1 Qa6 15. b3 Bd7 16. Nc4 Nd8 17. e5 d5 18. exf6 Bxf6 19. Bf4 Rb4 20. Ne5 Ne6 21. Nxd7 Nxf4 22. Nxf8 Rxd4 23. Qf3 Kxf8 24. Ne4 dxe4 25. Qxf4 Qxa2 26. Rxe4 Rxe4 27. Qxe4 Qxb3 28. Qxc6 Qa2 29. Qc4 Qb2 30. Rd1 Qb6 31. Rd5 Qb1+ 32. Kh2 Qb8+ 33. g3 Kg7 34. Rb5 Qd8 35. Kg1 Qd6 36. Kg2 Qd8 37. Rc5 Qd2 38. Rd5 Qb2 39. Rd8 Qb7+ 40. Kg1 Qb1+ 41. Kh2 h5 42. Qd5 g5 43. Kg2 Kh6 44. Ra8 Qb6 45. Qd3 a5 46. Qd5 Bc3 47. Rg8 Qf6 48. Rc8 Bb4 49. Rc6 Bd6 50. Qxa5 h4 51. Qc3 Qxc3 52. Rxc3 hxg3 53. fxg3 Be5 54. Rb3 Kg6 55. Kf3 1-0

[Event "Nakhchivan op"]
[Site "Nakhchivan"]
[Date "2014.05.12"]
[Round "9"]
[White "Khismatullin, Denis Rimovich"]
[Black "Aghayev, Nijat"]
[Result "1-0"]
[WhiteElo "2682"]
[BlackElo "2407"]
[PlyCount "61"]
[EventDate "2014.05.04"]
[EventType "swiss"]
[EventRounds "9"]
[EventCountry "AZE"]
[SourceTitle "CBM 160 Extra"]
[Source "ChessBase"]
[SourceDate "2014.07.01"]
[SourceVersion "1"]
[SourceVersionDate "2014.07.01"]
[SourceQuality "1"]

1. d4 d6 2. Nf3 Bg4 3. e4 Nf6 4. Nc3 e6 5. h3 Bh5 6. d5 exd5 7. exd5 Be7 8. Be3 Nbd7 9. g4 Bg6 10. Bg2 h5 11. Nd4 hxg4 12. hxg4 Rxh1+ 13. Bxh1 Ne5 14. f3 Nfxg4 15. fxg4 Bh4+ 16. Kf1 Qf6+ 17. Kg1 Bg5 18. Qd2 Bxe3+ 19. Qxe3 Qh4 20. Bg2 Kd7 21. Nf3 Nxf3+ 22. Qxf3 Rh8 23. Qf4 Re8 24. Rf1 a6 25. Ne4 Re5 26. c4 Qe7 27. Ng3 Bd3 28. Rf3 Re1+ 29. Kf2 Be4 30. Nxe4 Rxe4 31. Qxe4 1-0

[Event "Nakhchivan op"]
[Site "Nakhchivan"]
[Date "2013.04.24"]
[Round "3"]
[White "Miezis, Normunds"]
[Black "Aghayev, Nijat"]
[Result "1-0"]
[WhiteElo "2556"]
[BlackElo "2368"]
[PlyCount "117"]
[EventDate "2013.04.22"]
[EventType "swiss"]
[EventRounds "9"]
[EventCountry "AZE"]
[SourceTitle "CBM 154 Extra"]
[Source "ChessBase"]
[SourceDate "2013.06.25"]
[SourceVersion "2"]
[SourceVersionDate "2013.06.25"]
[SourceQuality "1"]

1. c4 c5 2. Nc3 Nc6 3. g3 Nf6 4. Bg2 e6 5. d3 d5 6. cxd5 exd5 7. Bg5 Be7 8. Nh3 0-0 9. 0-0 Bg4 10. Nf4 d4 11. Bxf6 Bxf6 12. Ne4 Be5 13. h3 Bf5 14. Qd2 Bxe4 15. Bxe4 Qd6 16. Rac1 Rac8 17. Bg2 b6 18. Nd5 Ne7 19. Nxe7+ Qxe7 20. a3 Bd6 21. Rfe1 Rfe8 22. Bf3 g6 23. Kg2 Kg7 24. Qc2 Qf6 25. Qa4 Re7 26. b4 h5 27. h4 g5 28. bxc5 Bxc5 29. hxg5 Qxg5 30. Rh1 h4 31. Rxc5 bxc5 32. Rxh4 f5 33. Qa6 Rh8 34. Rxh8 Kxh8 35. Qc8+ Kg7 36. Qxc5 Qf6 37. a4 Qe5 38. Qc4 Kg6 39. Qc8 Rc7 40. Qg8+ Kf6 41. Bh5 Rg7 42. Qf8+ Ke6 43. f4 Qc7 44. Qh8 Qe7 45. Bf3 Qf6 46. Qc8+ Kf7 47. Bh5+ Ke7 48. Qb7+ Kd6 49. Qa6+ Ke7 50. Qxa7+ Kd8 51. Qb8+ Kd7 52. a5 Qc6+ 53. Kf2 Qf6 54. Qb5+ Kc8 55. a6 Ra7 56. Bf3 Re7 57. Qc5+ Kb8 58. Bc6 Qh8 59. Qxe7 1-0

[Event "Baku op"]
[Site "Baku"]
[Date "2012.09.29"]
[Round "8"]
[White "Sanikidze, Tornike"]
[Black "Aghayev, Nijat"]
[Result "1/2-1/2"]
[WhiteElo "2586"]
[BlackElo "2318"]
[PlyCount "37"]
[EventDate "2012.09.22"]
[EventType "swiss"]
[EventRounds "9"]
[EventCountry "AZE"]
[SourceTitle "CBM 150 Extra"]
[Source "ChessBase"]
[SourceDate "2012.10.19"]
[SourceVersion "1"]
[SourceVersionDate "2012.10.19"]
[SourceQuality "1"]

1. d4 d5 2. c4 dxc4 3. e4 Nf6 4. e5 Nd5 5. Bxc4 Nb6 6. Bd3 Nc6 7. Ne2 Bg4 8. f3 Be6 9. Nbc3 Nb4 10. Bb1 Bc4 11. Be4 c6 12. b3 Ba6 13. Bg5 Qd7 14. 0-0 f5 15. e6 Qxe6 16. Bb1 Qf7 17. Re1 0-0-0 18. Bh4 h6 19. Bg3 1/2-1/2

[Event "Baku op"]
[Site "Baku"]
[Date "2012.09.28"]
[Round "7"]
[White "Aghayev, Nijat"]
[Black "Sharbaf, Mohsen"]
[Result "1-0"]
[WhiteElo "2318"]
[BlackElo "2409"]
[PlyCount "61"]
[EventDate "2012.09.22"]
[EventType "swiss"]
[EventRounds "9"]
[EventCountry "AZE"]
[SourceTitle "CBM 150 Extra"]
[Source "ChessBase"]
[SourceDate "2012.10.19"]
[SourceVersion "1"]
[SourceVersionDate "2012.10.19"]
[SourceQuality "1"]

1. Nf3 g6 2. e4 Bg7 3. d4 c6 4. c4 d5 5. exd5 cxd5 6. cxd5 Nf6 7. Bb5+ Nbd7 8. d6 exd6 9. Qe2+ Kf8 10. 0-0 Nb6 11. Nc3 h6 12. Re1 Kg8 13. a4 Kh7 14. Qe7 Rf8 15. Bd2 Qxe7 16. Rxe7 Nbd5 17. Ree1 Bg4 18. a5 Rac8 19. Ra3 Nb4 20. Re7 Nc2 21. Ra4 Rb8 22. Bf4 Bxf3 23. gxf3 Ng8 24. Rd7 Rbd8 25. Rxb7 Nxd4 26. Rxa7 Nxf3+ 27. Kg2 Nh4+ 28. Kf1 d5 29. Bc7 d4 30. Bxd8 Rxd8 31. Nd1 1-0

[Event "Kesarovski Georgiev Memorial 11th"]
[Site "Sunny Beach"]
[Date "2012.09.08"]
[Round "8"]
[White "Golubka, Petr"]
[Black "Aghayev, Nijat"]
[Result "1/2-1/2"]
[WhiteElo "2399"]
[BlackElo "2318"]
[PlyCount "25"]
[EventDate "2012.09.01"]
[EventType "swiss"]
[EventRounds "9"]
[EventCountry "BUL"]
[SourceTitle "CBM 150 Extra"]
[Source "ChessBase"]
[SourceDate "2012.10.19"]
[SourceVersion "1"]
[SourceVersionDate "2012.10.19"]
[SourceQuality "1"]

1. e4 e5 2. Nf3 Nf6 3. d3 Nc6 4. c3 d5 5. Nbd2 a5 6. Be2 Be7 7. 0-0 0-0 8. b3 Re8 9. a3 Bc5 10. Bb2 d4 11. cxd4 Nxd4 12. Rc1 Nxf3+ 13. Nxf3 1/2-1/2

[Event "Kesarovski Georgiev Memorial 11th"]
[Site "Sunny Beach"]
[Date "2012.09.04"]
[Round "4"]
[White "Cioara, Andrei Nestor"]
[Black "Aghayev, Nijat"]
[Result "1/2-1/2"]
[WhiteElo "2496"]
[BlackElo "2318"]
[PlyCount "67"]
[EventDate "2012.09.01"]
[EventType "swiss"]
[EventRounds "9"]
[EventCountry "BUL"]
[SourceTitle "CBM 150 Extra"]
[Source "ChessBase"]
[SourceDate "2012.10.19"]
[SourceVersion "1"]
[SourceVersionDate "2012.10.19"]
[SourceQuality "1"]

1. d4 d5 2. c4 dxc4 3. e4 Nf6 4. e5 Nd5 5. Bxc4 Nb6 6. Bb3 Nc6 7. Be3 Bf5 8. Ne2 e6 9. Nbc3 Nb4 10. 0-0 N4d5 11. a4 a5 12. Nxd5 Nxd5 13. Bxd5 Qxd5 14. Nc3 Qd7 15. d5 exd5 16. Qxd5 Qxd5 17. Nxd5 0-0-0 18. Nc3 Bb4 19. Rfc1 Rhe8 20. Nb5 c6 21. Bf4 Rd3 22. h4 Kd7 23. Na3 Ke6 24. Nc4 Red8 25. Nd6 Bxd6 26. exd6 Kd7 27. Rc5 Rd5 28. Rxd5 cxd5 29. Rd1 Be6 30. b4 axb4 31. Rb1 Ra8 32. Rxb4 Kc6 33. f3 Ra6 34. Kf2 1/2-1/2

[Event "Kesarovski Georgiev Memorial 11th"]
[Site "Sunny Beach"]
[Date "2012.09.01"]
[Round "1"]
[White "Aghayev, Nijat"]
[Black "Ivanova, Simoneta"]
[Result "1-0"]
[WhiteElo "2318"]
[BlackElo "1958"]
[PlyCount "119"]
[EventDate "2012.09.01"]
[EventType "swiss"]
[EventRounds "9"]
[EventCountry "BUL"]
[SourceTitle "CBM 150 Extra"]
[Source "ChessBase"]
[SourceDate "2012.10.19"]
[SourceVersion "1"]
[SourceVersionDate "2012.10.19"]
[SourceQuality "1"]

1. Nf3 d5 2. c4 c6 3. b3 e6 4. Bb2 Nf6 5. g3 Bd6 6. Bg2 0-0 7. 0-0 Nbd7 8. Nc3 e5 9. cxd5 cxd5 10. Rc1 a6 11. d4 e4 12. Ne1 Re8 13. Nc2 b5 14. Ne3 Nb6 15. Qd2 b4 16. Ncd1 Bd7 17. f3 Qe7 18. Re1 h5 19. f4 h4 20. Nf1 Nh5 21. e3 hxg3 22. hxg3 Qf6 23. Nf2 Qg6 24. Nh1 a5 25. Rc5 Rec8 26. Rec1 Be6 27. Rc6 Rxc6 28. Rxc6 Nc8 29. Qe2 Bd7 30. Ra6 Rxa6 31. Qxa6 Bc7 32. Qxg6 fxg6 33. Nf2 g5 34. a3 gxf4 35. gxf4 Nd6 36. a4 Nf6 37. Ng3 Kf7 38. Bh3 Bxa4 39. bxa4 Nc4 40. Bc1 b3 41. Nd1 Bd6 42. Ne2 Bb4 43. Bc8 Nb6 44. Ba6 Nxa4 45. Bb5 Nb6 46. Nec3 Ke6 47. Na4 Nc4 48. Kf2 Ng4+ 49. Ke2 Nh2 50. Nc5+ Bxc5 51. dxc5 Nf3 52. Ba4 d4 53. Bxb3 d3+ 54. Kf2 Kd5 55. c6 Kxc6 56. Bxc4 d2 57. Bb2 Kc5 58. Bf7 a4 59. Ba3+ Kb5 60. Bd5 1-0

[Event "Nakhchivan op"]
[Site "Nakhchivan"]
[Date "2012.05.03"]
[Round "6"]
[White "Khalifman, Alexander"]
[Black "Aghayev, Nijat"]
[Result "1-0"]
[WhiteElo "2649"]
[BlackElo "2318"]
[PlyCount "89"]
[EventDate "2012.04.28"]
[EventType "swiss"]
[EventRounds "9"]
[EventCountry "AZE"]
[SourceTitle "CBM 148 Extra"]
[Source "ChessBase"]
[SourceDate "2012.06.22"]
[SourceVersion "1"]
[SourceVersionDate "2012.06.22"]
[SourceQuality "1"]

1. d4 Nf6 2. c4 c5 3. d5 e6 4. Nc3 exd5 5. cxd5 Bd6 6. g3 Bc7 7. d6 Ba5 8. Bg2 h6 9. Nh3 0-0 10. 0-0 Bxc3 11. bxc3 Nc6 12. e4 Qa5 13. Qc2 Re8 14. f4 b5 15. e5 Nh7 16. Be3 Ba6 17. Bxc6 dxc6 18. Bxc5 Nf8 19. Nf2 Bc8 20. Ne4 Bh3 21. Rfe1 Nd7 22. Qf2 Qa4 23. Bb4 a5 24. Nc5 Nxc5 25. Bxc5 Qc4 26. Qd4 Qxd4+ 27. Bxd4 a4 28. Rad1 Reb8 29. Bc5 Rb7 30. Kf2 Rd7 31. Ke3 Kf8 32. c4 Be6 33. cxb5 cxb5 34. a3 Rc8 35. Rc1 Ke8 36. g4 g6 37. h3 Rb7 38. Ke4 Kd7 39. f5 gxf5+ 40. gxf5 Bc4 41. Bb4 Rbb8 42. Rg1 Bb3 43. e6+ fxe6 44. Rg7+ Kd8 45. Ba5+ 1-0

[Event "Rasht Khazar op 10th"]
[Site "Rasht"]
[Date "2012.03.03"]
[Round "5"]
[White "Abbasov, Farid"]
[Black "Aghayev, Nijat"]
[Result "1-0"]
[WhiteElo "2529"]
[BlackElo "2318"]
[PlyCount "89"]
[EventDate "2012.02.29"]
[EventType "swiss"]
[EventRounds "11"]
[EventCountry "IRI"]
[SourceTitle "CBM 147 Extra"]
[Source "ChessBase"]
[SourceDate "2012.04.24"]
[SourceVersion "1"]
[SourceVersionDate "2012.04.24"]
[SourceQuality "1"]

1. Nf3 d5 2. d4 Nf6 3. c4 dxc4 4. e3 e6 5. Bxc4 c5 6. 0-0 a6 7. Qe2 b5 8. Bb3 Bb7 9. Nbd2 Nc6 10. dxc5 Bxc5 11. e4 e5 12. Bc2 0-0 13. Nb3 Bb6 14. Bg5 Qe7 15. Rac1 Rad8 16. Bb1 Rfe8 17. Kh1 h6 18. Bh4 Rd7 19. Ne1 Nd4 20. Nxd4 Bxd4 21. Nf3 Qe6 22. a3 g5 23. Bg3 a5 24. b4 axb4 25. axb4 Qe7 26. Bd3 Ra8 27. Bxb5 Rd6 28. Bd3 Kg7 29. b5 Ra3 30. Bb1 Rb3 31. Qc4 Rxb1 32. Rxb1 Bxe4 33. Nxd4 Rxd4 34. Qe2 Bxb1 35. Rxb1 Ne4 36. b6 Rb4 37. Qe1 Rxb1 38. Qxb1 Nxg3+ 39. hxg3 Qb7 40. Qb5 Kf6 41. Qa5 Ke6 42. Qa7 Qd5 43. Kh2 Qd1 44. f3 Qd4 45. Qa2+ 1-0